000 01023cam a2200301 a 4500
001 4117
005 20240607113520.0
020 _a9781568998213
040 _aDLC
_cDLC
_dDLC
_beng
050 0 0 _aPZ10.3.G153
082 0 0 _a595.799
100 1 _aGalvin, Laura Gates
_d1963-
245 1 0 _aBumblebee at Apple Tree Lane /
_cby Laura Gates Galvin ; illustrated by Kristin Kest
250 _aFirst Edition 2000
260 _aNorwalk, CT :
_bSoundprints,
_c2000
300 _a31 pages :
_bcolor illustrations ;
_c12 cm .
490 _a Smithsonian's Backyard
505 _aG
520 _aBumblebee emerges from hibernation, builds a nest, lays eggs, and begins the process of creating a busy bumblebee colony.
521 _a400
_bLexile estimate
521 _aG
_bRaz-Plus
650 0 _aBumblebees
_vJuvenile fiction.
650 1 _aBumblebees
_vFiction.
650 1 _aBees
_vFiction.
700 1 _aKest, Kristin
_eillustrator
906 _a7
_bcbc
_corignew
_d1
_eocip
_f19
_gy-gencatlg
942 _2ddc
_cBK
_n0
999 _c4117
_d4117